• 首页
  • 本馆介绍
  • 公告通知
  • 最新文献
  • 馆藏检索
  • 电子资源
  • 读者导购
  • 参考咨询
  • 我的图书馆
  • 登录
  • 详细信息显示
  • 放入我的书架
  • 预约/预借图书
  • 作者相关作品
  • 分类相关作品
  • 丛书相关作品
  • 出版社相关作品

书目信息

  • 表格格式
  • 工作单格式
  • 卡片格式
题名:
管理会计
    
 
作者: 温素彬 主编
分册:  
出版信息: 北京   机械工业出版社  2008
页数: 13,341页
开本: 26cm
丛书名:
单 册:
中图分类: F234.3
科图分类:
主题词: 管理会计--高等学校--教材 , 管理会计
电子资源:
ISBN: 978-7-111-25962-6
000 01083nam0 2200265 45
001 1034558190
005 20100319081729.65
010    @a978-7-111-25962-6@dCNY38.00
100    @a20100311e20092008em y0chiy0110 ea
101 0  @achi
102    @aCN@b110000
105    @ay z 000yy
106    @ar
200 1  @a管理会计@AGuan Li Hui Ji@dManagement accounting: theory·model·case@e理论·模型·案例@ELi Lun· Mo Xing· An Li@f温素彬主编@FWen Su Bin Zhu Bian@zeng
210    @a北京@c机械工业出版社@d2008@h2009
215    @a13,341页@d26cm
300    @a江苏省高等学校精品教材建设项目高等院校精品课程系列教材
330    @a本书内容包括:管理会计导论、成本习性分析与变动成本法、本量利分析;预测分析、短期经营决策、项目长期投资决策;全面预算管理、标准成本控制、作业成本管理;责任会计、绩效评价;战略管理会计、环境管理会计。
510 1  @aManagement accounting@etheory·model·case@zeng
606 0  @a管理会计@x高等学校@j教材
606 0  @a管理会计
690    @aF234.3@v4
701  0 @a温素彬@AWen Su Bin@4主编
801  0 @aCN@bTANGWEI@c20100319
905    @b0586243-45@dF234.3@e347@f3
    
    管理会计=Management accounting: theory·model·case:理论·模型·案例/温素彬主编.-北京:机械工业出版社,2008(2009)
    13,341页;26cm
    江苏省高等学校精品教材建设项目高等院校精品课程系列教材
    
    ISBN 978-7-111-25962-6:CNY38.00
    本书内容包括:管理会计导论、成本习性分析与变动成本法、本量利分析;预测分析、短期经营决策、项目长期投资决策;全面预算管理、标准成本控制、作业成本管理;责任会计、绩效评价;战略管理会计、环境管理会计。
●
相关链接 在E读中查询图书 在五车中查询图书 在当当中查询图书 在豆瓣中查询图书


正题名:管理会计     索取号:F234.3/347         预约/预借

序号 登录号 条形码 馆藏地/架位号 状态 备注
1 0586243   205862431   第一样本阅览室/ [索取号:F234.3/347] 在馆    
2 0586244   205862440   密集书库-海洋学院/ [索取号:F234.3/347] 在馆    
3 0586245   205862459   第一借阅区/ [索取号:F234.3/347] 在馆    
唐山师范学院图书馆 欢迎您!
大连网信软件有限公司© 版权所有